The Code of Civil Procedure (Amendment) Bill, 1974: report of Joint Committee (Record no. 491147)

000 -LEADER
fixed length control field 00466cam a22001217a 4500
008 - FIXED-LENGTH DATA ELEMENTS--GENERAL INFORMATION
fixed length control field 180718b1976 xxu||||| |||| 00| 0 eng d
082 ## - DEWEY DECIMAL CLASSIFICATION NUMBER
Classification number H51x54 In2r
100 ## - MAIN ENTRY--PERSONAL NAME
Personal name India. Joint Committee on the Code of Civil Procedure (Amendment) Bill
245 ## - TITLE STATEMENT
Title The Code of Civil Procedure (Amendment) Bill, 1974: report of Joint Committee
Statement of responsibility, etc. by Lok Sabha Secretariat
260 ## - PUBLICATION, DISTRIBUTION, ETC.
Place of publication, distribution, etc. New Delhi
Name of publisher, distributor, etc. Lok Sabha Secretariat
Date of publication, distribution, etc. 1976
300 ## - PHYSICAL DESCRIPTION
Extent 228+p
700 ## - ADDED ENTRY--PERSONAL NAME
Personal name India. Lok Sabha Secretariat
Holdings
Withdrawn status Lost status Damaged status Not for loan Permanent Location Current Location Date acquired Full call number Barcode Date last seen Price effective from Koha item type
        Indian Institute of Public Administration Indian Institute of Public Administration 2018-08-04 H51x54 In2r GG16211 2018-08-04 2018-08-04 GG

Powered by Koha